• 首页
  • 本馆介绍
  • 公告通知
  • 最新文献
  • 馆藏检索
  • 电子资源
  • 读者导购
  • 参考咨询
  • 我的图书馆
  • 登录
  • 详细信息显示
  • 放入我的书架
  • 预约/预借图书
  • 作者相关作品
  • 分类相关作品
  • 丛书相关作品
  • 出版社相关作品

书目信息

  • 表格格式
  • 工作单格式
  • 卡片格式
题名:
旅游景观设计
    
 
作者: 崔莉 主编
分册:  
出版信息: 北京   旅游教育出版社  2008.06
页数: 202页
开本: 23cm
丛书名:
单 册:
中图分类: TU984.18
科图分类:
主题词: 旅游区--景观设计--教材
电子资源:
ISBN: 978-7-5637-1577-0
000 00811nam0 2200241 450
001 012004277070
005 20091207085403.53
010    @a978-7-5637-1577-0@dCNY20.00
100    @a20080916d2008 em y0chiy0110 ea
101 0  @achi
102    @aCN@b110000
105    @aa z 000yy
106    @ar
200 1  @a旅游景观设计@9lv you jing guan she ji@f崔莉主编
210    @a北京@c旅游教育出版社@d2008.06
215    @a202页@c图@d23cm
300    @a全国旅游专业规划教材
330    @a本书共分九章,前三章阐述了旅游景观设计的基础原理、方法及其发展历程;第四章到第九章针对不同类型的旅游区的景观设计,剖析具体类型景区旅游景观的主题表达与设计风格。
606 0  @a旅游区@x景观设计@j教材
690    @aTU984.18@v4
701  0 @a崔莉@9cui li@4主编
801  0 @aCN@bNLC@c20091207
905    @b20795684-89@dTU984.18@e459@f6
    
    旅游景观设计/崔莉主编.-北京:旅游教育出版社,2008.06
    202页:图;23cm
    全国旅游专业规划教材
    
    ISBN 978-7-5637-1577-0:CNY20.00
    本书共分九章,前三章阐述了旅游景观设计的基础原理、方法及其发展历程;第四章到第九章针对不同类型的旅游区的景观设计,剖析具体类型景区旅游景观的主题表达与设计风格。
●
相关链接 在E读中查询图书 在五车中查询图书 在当当中查询图书 在豆瓣中查询图书


正题名:旅游景观设计     索取号:TU984.18/459         预约/预借

序号 登录号 条形码 馆藏地/架位号 状态 备注
1 795684   207956844   第二样本阅览室/ [索取号:TU984.18/459] 在馆    
2 795685   207956853   第三借阅区/ [索取号:TU984.18/459] 在馆    
3 795686   207956862   第三借阅区/ [索取号:TU984.18/459] 在馆    
4 795687   207956871   第三借阅区/ [索取号:TU984.18/459] 在馆    
5 795688   207956880   第三借阅区/ [索取号:TU984.18/459] 在馆    
6 795689   207956899   密集书库-文学院/ [索取号:TU984.18/459] 在馆    
唐山师范学院图书馆 欢迎您!
大连网信软件有限公司© 版权所有